| 000 | 00886nam a2200193Ia 4500 | ||
|---|---|---|---|
| 001 | 19405 | ||
| 003 | GE_BSU | ||
| 008 | 181216s||||||||xx |||||||||||||| ||und|| | ||
| 040 | _cGE_BSU | ||
| 245 | _aსაქართველოს ბიბლიოთეკა :№3(64) 2016 | ||
| 245 | _bკულტურულ-საგანმანათლებლო სამეცნიერო-პოპულარული მეთოდური ჟურნალი | ||
| 245 | _cრედ.: ალექსანდრე ლორია, სარედ კოლ: გურამ თაყნიაშვილი. და სხვ | ||
| 260 | _aთბილისი | ||
| 260 | _c2016 | ||
| 300 | _a56 გვ. 30სმ. | ||
| 653 | _aპერიოდიკა | ||
| 653 | _aსაქართველოს ბიბლიოთეკა. №3(64) 2016 | ||
| 942 | _cCR | ||
| 999 |
_c52385 _d52385 |
||